Les vents en France - Statistiques

Statistiques générales
  • Ce quiz a été pris 14 fois
  • Le résultat moyen est 6 sur 25
Statistiques - réponses
Question Réponse % Correct
Le sirocco du sud
69%
Le levant de l'est
54%
Le mistral du nord
54%
La tramontane du nord-ouest ou de l'ouest
38%
Le marin du sud
38%
Le toureillo du sud
38%
Le dalu du nord
31%
Le grec du nord-est
31%
Les alizés dans l'hémisphère nord du nord-est
31%
La lombarde du nord-est
31%
La burle du nord ou du nord-est
31%
Le cers d'ouest ou du sud-ouest
23%
L'écorche-vel du nord
23%
L'autan du sud-est
23%
Le dret-vent de l'ouest
15%
La traverse de l'ouest ou du nord-ouest
15%
Le niederwind du nord
15%
Le farou du nord-est
15%
La galerne du nord-ouest
15%
L'albe du sud-est
15%
L'agueil de l'est
8%
La balaguère du sud
8%
L'hégoa du sud
8%
Le mitgjorn du sud
0%
Le forain du sud
0%
Aucun quiz correspondant
Distribution des résultats
% des personnes avec chaque résultat
Percentile par nombre de réponses
Votre historique - résultats
Vous n’avez pas pris ce quiz